| 000 | 00487nam a22001817a 4500 | ||
|---|---|---|---|
| 003 | OSt | ||
| 005 | 20260203115530.0 | ||
| 008 | 260203b |||||||| |||| 00| 0 eng d | ||
| 020 | _a9789354669798 | ||
| 040 | _cCBS PUB | ||
| 082 |
_210 _a611 _bCHA |
||
| 100 | _aCHAURASIA B. D., GARG K. | ||
| 245 | _aHUMAN ANATOMY BRAIN-NEURO ANATOMY. | ||
| 260 |
_aB.M.S.G.B PUNE _bCBS PUB _c2025 |
||
| 300 | _aXIII;PB;199 | ||
| 500 | _aBILL NO - 6409 DATE - 13/01/2026 | ||
| 942 |
_2ddc _cTB _e10 _n0 |
||
| 999 |
_c1215333 _d1215333 |
||